[Event "RSA-ch U08"]
[Site "Gauteng"]
[Date "2017.04.10"]
[Round "9"]
[White "Van Zyl, Benjamin"]
[Black "Govender, Kaedan"]
[Result "0-1"]
[WhiteElo "557"]
[BlackElo "970"]
[PlyCount "45"]
[EventDate "2017.04.05"]
[EventType "swiss"]
[EventRounds "11"]
[EventCountry "RSA"]
[SourceTitle "CBM 177 Extra"]
[Source "ChessBase"]
[SourceDate "2017.04.27"]
[SourceVersion "1"]
[SourceVersionDate "2017.04.27"]
[SourceQuality "1"]

1. e4 e6 2. Nf3 d5 3. Bb5+ Bd7 4. Bd3 c5 5. exd5 exd5 6. c4 Ne7 7. Nc3 dxc4 8. Bxc4 Nbc6 9. 0-0 Nf5 10. d3 Be7 11. Bd2 0-0 12. Nd5 Be6 13. Ne3 Nfd4 14. Ng5 Bxg5 15. Bxe6 Nxe6 16. Nf5 Qxd3 17. h4 Bxd2 18. Qg4 Ne5 19. Ne7+ Kh8 20. Qh5 Rfe8 21. Nf5 g6 22. Qh6 Bxh6 23. Rad1 0-1